Personnages de Demain nous appartient - Statistiques

Statistiques générales
  • Ce quiz a été pris 2 522 fois
  • Le résultat moyen est 39 sur 63
Statistiques - réponses
Métiers Nom Prénom % Correct
Proviseure Delcourt Chloé
97%
Médecin Delcourt Marianne
95%
Ostréiculteur Bertrand Alex
94%
Capitaine de Police Saeed Karim
91%
Gérant du Spoon Vallorta Bart
90%
Médecin Lazzari Victoire
89%
Cuisinier Bertrand-Delcourt Maxime
84%
Ostréicultrice Bertrand-Delcourt Judith
81%
Commandant de Police Constant Martin
81%
Ex-Gynécologue Chardeau Samuel
81%
Cuisinière du Spoon Caron Mona
80%
Policière Raynaud Sara
80%
Directeur de la PTS Caron Georges
77%
Hackeuse à la PTS Thiemen Roxane
77%
Capitaine de Police Jacob Aurore
76%
Ex-Psychologue Delcourt Anna
75%
Policière Daunier-Jacob Manon
75%
Serveur au Spoon / Élève Paoletti Nathan
73%
Homme d'Affaires Brunet Victor
71%
Élève Meffre Camille
70%
Gérante de la Paillote / Élève Molina Charlie
70%
Infirmière Beddiar Noor
69%
Ex-Capitaine de Police Hassan Lisa
67%
Chirurgien Dumaze Renaud
67%
Assistante sociale à l'Hôpital Moreno Christelle
66%
Avocate Beddiar Soraya
66%
Médecin Daunier William
66%
Tueuse en série / Ex-cuisinière su Spoon Lehman Vanessa
65%
Professeur de Français Lehaut François
64%
Policier Becker Nordine
62%
Avocat Perraud Raphaëlle
62%
Ex-Proviseure Lazzari Sandrine
62%
Propriétaire de la Paillote Moreno Sylvain
62%
Élève Dumas Roussel Jack
61%
Employé du Mas / Élève Roussel Jordan
61%
Technicien de la PTS Julliard Damien
59%
Pion / Assistant au Cabinet d'Avocats Guého Gabriel
59%
Élève Meffre Maud
59%
Élève Curtis Dorian
58%
Élève Dumas Roussel Lizzie
57%
Élève Brunet Timothée
56%
Restauratrice en Espagne Daunier-Jacob Sofia
55%
Élève Vernet Adam
52%
Élève Hassan Amel
52%
Élève Saeed Rayane
52%
Serveuse au Spoon Roussel Audrey
50%
Gynécologue Vernet Soizic
49%
Chirurgien Leclercq Aaron
47%
Élève Garnier Emma
46%
Ex-Etudiant / En Prison Corkas Jules
46%
Tueur en Série / Ex-Policier Very Marc
46%
Ex-Gérante du Spoon Kersal Louise
44%
Ex-Professeure d'Anglais Guérin Alma
42%
Ex-Procurreur Meffre Xavier
40%
Peintre de Villeduc Adèle
39%
CPE Curtis Étienne
39%
Ex-Danseuse Aznar Luna
38%
Kinésithérapeute Daunier Bénédicte
36%
Tueur en Série Girard Sacha
33%
Stagiaire en Médecine Colombier Julie
31%
Ex-Infirmier / En Cavale Valski Rémy
31%
Ex-Avocate Novak Sophie
31%
Ex-Ostréiculteur Josse Noa
22%
Aucun quiz correspondant
Distribution des résultats
% des personnes avec chaque résultat
Percentile par nombre de réponses
Votre historique - résultats
Vous n’avez pas pris ce quiz